Criollos en París
Αποθηκεύτηκε σε:
| Κύριος συγγραφέας: | |
|---|---|
| Μορφή: | Βιβλίο |
| Γλώσσα: | Ισπανικά |
| Έκδοση: |
Santiago
Zig Zag
1965
|
| Σειρά: | Biblioteca de Novelistas
|
| Θέματα: | |
| Ετικέτες: |
Προσθήκη ετικέτας
Δεν υπάρχουν, Καταχωρήστε ετικέτα πρώτοι!
|
MARC
| LEADER | 00000nam a2200000 a 4500 | ||
|---|---|---|---|
| 001 | UCQ2276 | ||
| 003 | CL-VaPUC | ||
| 008 | 980724e19650000CL |||||||||||||||||spa|d | ||
| 082 | 0 | 4 | |a Ch863 |b EDW |2 21 |
| 100 | 0 | |a Edwards Bello, Joaquín |e author |9 344236 | |
| 245 | 1 | 0 | |a Criollos en París |
| 300 | |a 345 p | ||
| 942 | |c BK | ||
| 945 | |d 19980724 00:00:00 |a lriquelm | ||
| 260 | |a Santiago |b Zig Zag |c 1965 | ||
| 650 | 0 | |a Novelas chilenas |9 265425 | |
| 650 | 0 | |a Literatura chilena |9 308278 | |
| 583 | |a last modification |c 19980724 00:00:00 |k Rodrigo Vera | ||
| 490 | 0 | |a Biblioteca de Novelistas | |
| 999 | |c 273113 |d 273111 | ||
| 952 | |0 0 |1 0 |4 0 |6 CH_863_000000000000000_EDW_1965 |7 0 |8 A |9 308427 |a BIBEDU |b BIBEDU |d 2019-11-20 |i 1444972 |o Ch863 EDW 1965 |p 1444972 |r 2019-11-20 |w 2019-11-20 |y BK |k LIT | ||